01395nam a2200373 a 4500001001000000003000900010005001700019007001000036008004100046020001800087040002200105092001700127100003100144245007500175260004400250300002100294500002100315504003600336590006200372650002800434650003800462650002800500650001200528910003900540930004600579942001200625945002700637952010700664952011400771956004200885956004000927956003900967999001501006000004059DO-SdBNP20170922121556.0000004059090716s2008 dr 001 0 spa d a9789945860269 aBPMSUbspacBPMSU a158.1bR766f1 aRomán R., Rafael Antonio10aFrases y comentarios que te harán vivir /cRafael Antonio Román R. aSanto Domingo :bCuesta-Velíz,c2008. a116 p. ;c22 cm. aIncluye índice aIncluye bibliografía (p. 113) aLa biblioteca posee un ejemplar autografiado por el autor14aTÉCNICAS DE AUTOAYUDA14aAUTORREALIZACIÓN (PSICOLOGÍA)14aCONFIANZA EN SÍ MISMO14aÉXITO aValidado. Control de calidad BNPHU 1lBND01mLF1h158.1820090716f01pHDg1139 2ddccBK aInventariado, 2017/MFF 00102ddc4070aBPMETbBPMETd2015-02-04l0o158.1 R766fpBPMSU15041034r2015-02-04w2015-02-04yBK 00102ddc4070aBPMETbBPMETd2015-02-17l0o158.1 R766fpBPMSU15041035r2015-02-17tej. 2w2015-02-17yBK aSARMENTEROb10c20090716lBND01h1242 aBTAVAREZb10c20090720lBND01h1444 aMMOLINAb40c20090803lBND01h1441 c7331d7331